England rural development programme annual report 2004 (Record no. 104520)

MARC details
000 -LEADER
fixed length control field 01278cam a2200217 4500
001 - CONTROL NUMBER
control field L130693
008 - FIXED-LENGTH DATA ELEMENTS--GENERAL INFORMATION
fixed length control field 050824n2005 000 0 eng u
035 ## - SYSTEM CONTROL NUMBER
System control number (Sirsi) u130693
041 ## - LANGUAGE CODE
Language code of text/sound track or separate title eng
050 ## - LIBRARY OF CONGRESS CALL NUMBER
Classification number 333.76
-- 18
110 ## - MAIN ENTRY--CORPORATE NAME
Corporate name or jurisdiction name as entry element Department for Environment, Food and Rural Affairs
9 (RLIN) 4094
245 ## - TITLE STATEMENT
Title England rural development programme annual report 2004
260 ## - PUBLICATION, DISTRIBUTION, ETC.
Place of publication, distribution, etc. London
Name of publisher, distributor, etc. DEFRA
Date of publication, distribution, etc. 2005
300 ## - PHYSICAL DESCRIPTION
Extent 140p
520 ## - SUMMARY, ETC.
Summary, etc. This is the fifth annual report to the European Commission on the English Rural Development Programme covering the period 1 January to 31 December 2004. Reports on changes to conditions and policies, progress on measures and priorities, action taken to ensure high quality and effective implementation and measures taken to ensure compatibility with Community policies. Annexes contain regional reports, progress against output targets and common indicator tables for monitoring rural development programming 2000-2006.
520 ## - SUMMARY, ETC.
Summary, etc. Item not found when searched for on DEFRA website 12/9/2011.
590 ## - LOCAL NOTE (RLIN)
Local note IKA300805
690 ## - LOCAL SUBJECT ADDED ENTRY--TOPICAL TERM (OCLC, RLIN)
Topical term or geographic name as entry element PROPERTY-RURAL AND NATURAL ASSETS-RURAL AND NATURAL ASSET DEVELOPMENT
856 ## - ELECTRONIC LOCATION AND ACCESS
Uniform Resource Identifier <a href="https://www.defra.gov.uk/erdp/docs/ann_rep.htm">https://www.defra.gov.uk/erdp/docs/ann_rep.htm</a>
Public note View the annual report free of charge on www.defra.gov.uk...
942 ## - ADDED ENTRY ELEMENTS (KOHA)
Suppress in OPAC 0
Holdings
Withdrawn status Lost status Source of classification or shelving scheme Damaged status Not for loan Home library Current library Shelving location Date acquired Total Checkouts Full call number Barcode Date last seen Copy number Price effective from Koha item type
    Dewey Decimal Classification     Virtual Virtual Online 24/08/2005   ONLINE PUBLICATION 130693-2001 06/08/2019 1 06/08/2019 Book